原神 キャラ名しりとり - Statistics

General Stats
  • This quiz has been taken 115 times
  • The average score is 10 of 27
Answer Stats
Answer % Correct
クロリンデ
99%
ディルック
74%
クレー
66%
レザー
62%
早柚
43%
行秋、夢見月瑞希
42%
キィニチ
39%
千織
34%
リオセスリ
32%
リサ
32%
珊瑚宮心海
30%
ミカ
30%
ガイア
29%
リネット
27%
トーマ
27%
マーヴィカ
27%
荒瀧一斗
26%
カチーナ
26%
七七
26%
ナヒーダ
26%
ドリー
25%
タルタリヤ
25%
ゴロー
25%
ロサリア
25%
アンバー
25%
バーバラ
25%
八重神子
23%
No matching quizzes found
Score Distribution
Percent of People with Each Score
Percentile by Number Answered
Your Score History
You have not taken this quiz